|
|
|
|
| LEADER |
02036nam a22003733i 4500 |
| 001 |
EBC6675250 |
| 003 |
MiAaPQ |
| 005 |
20240729202203.0 |
| 006 |
m o d | |
| 007 |
cr cnu|||||||| |
| 008 |
240729s2021 xx o ||||0 eng d |
| 020 |
|
|
|a 9789179290009
|q (electronic bk.)
|
| 035 |
|
|
|a (MiAaPQ)EBC6675250
|
| 035 |
|
|
|a (Au-PeEL)EBL6675250
|
| 035 |
|
|
|a (OCoLC)1264472726
|
| 040 |
|
|
|a MiAaPQ
|b eng
|e rda
|e pn
|c MiAaPQ
|d MiAaPQ
|
| 100 |
1 |
|
|a Crusoe, Jonathan.
|
| 245 |
1 |
0 |
|a Open Government Data As a Reform and Ecosystem :
|b A Conceptual Framework for Evolution and Health.
|
| 250 |
|
|
|a 1st ed.
|
| 264 |
|
1 |
|a Linköping :
|b Linkopings Universitet,
|c 2021.
|
| 264 |
|
4 |
|c {copy}2021.
|
| 300 |
|
|
|a 1 online resource (212 pages)
|
| 336 |
|
|
|a text
|b txt
|2 rdacontent
|
| 337 |
|
|
|a computer
|b c
|2 rdamedia
|
| 338 |
|
|
|a online resource
|b cr
|2 rdacarrier
|
| 490 |
1 |
|
|a Linköping Studies in Arts and Sciences Series ;
|v v.810
|
| 505 |
0 |
|
|a Intro -- POPULÄRVETENSKAPLIG SAMMANFATTNING -- ABSTRACT -- Acknowledgments -- Preface -- Contents -- List of Figures -- List of Tables -- CHAPTER 1 Introduction -- CHAPTER 2 Previous Research -- CHAPTER 3 Paradigmatic Worldview -- CHAPTER 4 Doctoral Research Process -- CHAPTER 5 The RE-ECO Framework for Open Government Data -- CHAPTER 6 Discussion -- CHAPTER 7 Conclusions andImplications -- References -- APPENDIX A My Articles and Works.
|
| 588 |
|
|
|a Description based on publisher supplied metadata and other sources.
|
| 590 |
|
|
|a Electronic reproduction. Ann Arbor, Michigan : ProQuest Ebook Central, 2024. Available via World Wide Web. Access may be limited to ProQuest Ebook Central affiliated libraries.
|
| 655 |
|
4 |
|a Electronic books.
|
| 776 |
0 |
8 |
|i Print version:
|a Crusoe, Jonathan
|t Open Government Data As a Reform and Ecosystem
|d Linköping : Linkopings Universitet,c2021
|
| 797 |
2 |
|
|a ProQuest (Firm)
|
| 830 |
|
0 |
|a Linköping Studies in Arts and Sciences Series
|
| 856 |
4 |
0 |
|u https://ebookcentral.proquest.com/lib/matrademy/detail.action?docID=6675250
|z Click to View
|